00521nam a2200157Ia 4500008004000000082001700040100001600057245003600073260003700109300000800146650003200154690002300186906001100209999001700220952012600237210210b1982 xxu||||| |||| 00| 0 eng d a541.394 JAIK aJAIN (S K). aKinetics of chemical reactions. aDelhibVishal Publicationsc1982 a275 aKinetics physical reactions aPhysical Chemistry a041887 c91911d91911 001040708ChemistryaALbALcChemistryd2021-02-17g15.50l0o541.394 JAIKp041887r2021-02-17 00:00:00w2021-02-17yBK